Rediseño de procedimientos de instalación y atención de averías del sistema de televisión por cable en la empresa AMNET
محفوظ في:
| المؤلف الرئيسي: | |
|---|---|
| مؤلفون آخرون: | , |
| التنسيق: | كتاب |
| منشور في: |
[San José, Costa Rica]
2000
|
| الموضوعات: |
AMNET (COSTA RICA)
> TELEVISION POR CABLE
> CUIDADO Y REPARACION
> SATISFACCION DEL CLIENTE
> CONTROL DE PROCESOS
> CLIMA ORGANIZATIVO
> SERVICIO AL CLIENTE
> REINGENIERIA (ADMINISTRACION)
> ORIENTACION DE PERSONAL
> PLANIFICACION EMPRESARIAL
> REORGANIZACION DE COMPAÑIAS
> CALIDAD DEL SERVICIO
> CALIDAD DEL SERVICIO
> ENCUESTAS
|
| الوسوم: |
إضافة وسم
لا توجد وسوم, كن أول من يضع وسما على هذه التسجيلة!
|
MARC
| LEADER | 00000nam a2200000Ia 4500 | ||
|---|---|---|---|
| 003 | 009449 | ||
| 005 | 20221231144133.0 | ||
| 008 | 140114s2000 cr a m 000 ||s d | ||
| 040 | |c cru CEDI | ||
| 090 | |a TFG 4991 | ||
| 100 | |a De Prado Lizano, Gabriel |9 6198 | ||
| 245 | |a Rediseño de procedimientos de instalación y atención de averías del sistema de televisión por cable en la empresa AMNET | ||
| 260 | |c 2000 |a [San José, Costa Rica] | ||
| 300 | |a xx, 21-219, [164] hojas : ilustraciones, 1 plano plegables, | ||
| 500 | |a Proyecto de graduación (licenciatura en ingeniería industrial)--Universidad de Costa Rica. Facultad de Ingeniería. Escuela de Ingeniería Industrial | ||
| 650 | |x AMNET (COSTA RICA) |x TELEVISION POR CABLE |x CUIDADO Y REPARACION |x SATISFACCION DEL CLIENTE |x CONTROL DE PROCESOS |x CLIMA ORGANIZATIVO |x SERVICIO AL CLIENTE |x REINGENIERIA (ADMINISTRACION) |x ORIENTACION DE PERSONAL |x PLANIFICACION EMPRESARIAL |x REORGANIZACION DE COMPAÑIAS |x CALIDAD DEL SERVICIO |x CALIDAD DEL SERVICIO |x ENCUESTAS |9 6201 | ||
| 700 | |9 6199 |a Guier Musmanni, Manfred | ||
| 700 | |9 6200 |a Ruiz Víquez, Rodolfo | ||
| 942 | |c TFG | ||
| 999 | |c 17432 |d 17432 | ||
